[Event "ch-Americas Continental"]
[Site "Toluca"]
[Date "2011.04.21"]
[Round "4"]
[White "Rios, Cristhian Camilo"]
[Black "Friedel, Joshua E"]
[Result "0-1"]
[WhiteTitle "FM"]
[BlackTitle "GM"]
[WhiteElo "2409"]
[BlackElo "2529"]
[WhiteFideId "4403940"]
[BlackFideId "2017199"]
[EventDate "2011.04.19"]

1. d4 Nf6 2. c4 e6 3. Nc3 Bb4 4. e3 O-O 5. Ne2 d5 6. a3 Be7 7. Ng3 c5 8. dxc5
Bxc5 9. b4 Be7 10. cxd5 exd5 11. Be2 Be6 12. Bb2 Nc6 13. O-O d4 14. exd4 Qxd4
15. Qc1 Qh4 16. Qe3 Nd4 17. Rad1 Nxe2+ 18. Qxe2 Rfe8 19. Nge4 Nxe4 20. Qxe4 Qxe4
21. Nxe4 Rec8 22. Rc1 b6 23. Be5 Rxc1 24. Rxc1 Rd8 25. h3 f6 26. Bg3 a5 27. Rc7
Kf8 28. bxa5 bxa5 29. Nc5 Bf5 30. Nb3 a4 31. Nc5 Rd1+ 32. Kh2 Rd4 33. f3 Ke8 34.
Nb7 Bxa3 35. Rxg7 Bf8 36. Rc7 a3 37. Rc6 a2 38. Ra6 Bb1 39. Bf2 Rd5 40. Ra4 Bb4
41. Ra8+ Kf7 0-1